00533nam a2200169Ia 4500008004100000020001500041041000800056082001900064100001900083245002900102250000600131260004300137300001100180650001400191999001900205952013900224210716s2007 xx 000 0 und d a8126511311 aeng a005.26301 WANW aWang, Wallace. aOffice 2007 for dummies. a1 aNew DelhibWiley Publishing Inc.c2007 axx,410 aMS Office c188056d188056 001040708MCAaAIMITbAIMITeHigginbothams Pvt Ltdg249.00l0o005.26301 WANWpMCA07564r2026-05-23 00:00:00v199.20w2021-07-16yBK